000
00344nam a2200157Ia 4500
100
_a
Young/Margaret Levine
650
_a
Internet
942
_c
BK
366
_f
25
245
_a
Internet:Complete Reference
260
_b
Tata Mc Graw hill Ltd.
_c
2002
082
_a
4.6
_b
YOU
300
_a
857
546
_a
ENGLISH
_c
Computers
999
_c
33645
_d
33645